000 00289nam a22001337a 4500
008 171023b xxu||||| |||| 00| 0 eng d
020 _a0135510864
041 _aeng
080 _a338
100 _a54
101 _aMEN
245 _aMANAGING MANAGEMENT TIME
_cONCKEN,W
942 _2udc
_cBK
999 _c35360
_d35360